00704nam a2200193 a 450000100100000000500170001000800410002704000250006808200150009310000210010824500390012924600580016826000350022630000200026150000900028104900090037195201130038099900170049300003158120200930063030.0110627s20uu dr 000 0 spa d aDO-SdBNPbspacBNPHU axxxxbO13c1 aEl obrero95791910aCelda 11 :bel penal /cel obrero.14aCuando lo inflexible se dobla :bcárcel de Victoria c[Santo Domingoas.n.,c20uu?]. a39 p. ;c21 cm. aEste relato se basa en hechos sucedidos po el año 1971, en el Penal de la Victoria. aBNPD 0010718PDaPDbPDcCTd2011-06-27iLF1l0oxxxx O13cp31581-10r2020-06-25w2020-06-25yLFPDZNo se presta c31073d31073